000 01231nam a2200253 i 4500
001 185389
003 SpMaBN
005 20230906222423.0
008 160527s2002 xxuh b |||| | spa d
080 _a821.134.2-14"15/16"(082.2)
245 0 0 _aBibliografía de la poesía áurea
_b: muestra de unos versecillos de la antigua lírica popular que se cantaban en los siglos XVI y XVII /
_cbanco de datos preparado por Ralph A. DiFranco, José J. Labrador Herraiz.
246 3 _aBibliografía de la poesía áurea.
_pBanco de datos
260 _aCleveland :
_b[Cleveland State University],
_c2002.
300 _a20 p. :
_bfacs. ;
_c26 cm.
490 1 _aCancioneros castellanos.
_aAnejo ;
_v3
594 _aEn cub.: Obsequio a los amigos de "The 118th MLA Annual Convention, Session 454: The Popular Tradition in Poetry", diciembre 27-30, 2002, New York.
650 7 _aPoesías líricas españolas-
_yS.XVI-XVII.
_9159680
650 4 _aCancioneros.
_9159681
700 1 _aDiFranco, Ralph A.
_944793
700 1 _aLabrador Herraiz, José J.
_969288
830 0 _aCancioneros castellanos.
_aAnejo ;
_v3
_9225198
852 _aES-MaACL
_j2330-F-22
_z. - Dedicatoria autógrafa de J.J. Labrador Herraiz
999 _c185389
_d185389